书目信息 |
| 题名: |
英文字用法指南
|
|
| 作者: | 张树柏 主编 | |
| 分册: | 下册 Q-Z | |
| 出版信息: | 香港 读者文摘亚洲有限 1981 |
|
| 页数: | 1214页 | |
| 开本: | 26cm | |
| 丛书名: | ||
| 单 册: | ||
| 中图分类: | H313.2 | |
| 科图分类: | ||
| 主题词: | 英语 | |
| 电子资源: | ||
| ISBN: | ||
| 000 | 00597nam0 2200193 450 | |
| 001 | 0654811078 | |
| 005 | 20061107151722.29 | |
| 100 | @a20061107d1981 km y0chiy0120 ea | |
| 101 | 0 | @achi |
| 200 | 1 | @a英文字用法指南@e写作用字遣词必读@h下册@iQ-Z@Aying wen zi yong fa zhi nan@f张树柏主编@Fzhang shu bai zhu bian |
| 210 | @a香港@c读者文摘亚洲有限@d1981 | |
| 215 | @a1214页@d26cm | |
| 517 | 1 | @aQ-Z |
| 517 | 1 | @a写作用字遣词必读@Axie zuo yong zi qian ci bi du |
| 606 | 0 | @a英语 |
| 690 | @aH313.2@v3 | |
| 701 | 0 | @a张树柏@Azhang shu bai@4主编 |
| 801 | 0 | @aCN@bPFT@c20061107 |
| 905 | @a10447@dH313.2@e128:2 | |
| 英文字用法指南:写作用字遣词必读.下册.Q-Z/张树柏主编.-香港:读者文摘亚洲有限,1981 |
| 1214页;26cm |
| ISBN : |
| ● |
| 相关链接 |
|
|
|
|
正题名:英文字用法指南
索取号:H313.2/128:2
 
预约/预借
| 序号 | 登录号 | 条形码 | 馆藏地/架位号 | 状态 | 备注 |
| 1 | 0211630 | 001383835 | 第二样本阅览室/ [索取号:H313.2/128:2] | 在馆 |